• 首页
  • 本馆介绍
  • 公告通知
  • 最新文献
  • 馆藏检索
  • 电子资源
  • 读者导购
  • 参考咨询
  • 我的图书馆
  • 登录
  • 详细信息显示
  • 放入我的书架
  • 预约/预借图书
  • 作者相关作品
  • 分类相关作品
  • 丛书相关作品
  • 出版社相关作品

书目信息

  • 表格格式
  • 工作单格式
  • 卡片格式
题名:
新完全掌握日语能力考试N2级
    
 
作者: 中村香织 , 福岛佐治 , 友松悦子 著 ;胡小春 , 唐楠 , 喻留 翻译
分册:   听力
出版信息: 北京   北京语言大学出版社  2014.09
页数: 198页
开本: 26cm
丛书名: 领跑者
单 册:
中图分类: H36 , H369.9
科图分类:
主题词: 日语--水平考试--自学参考资料 , 日语--听力--水平考试--自学参考资料 , 日语 , 听力
电子资源:
ISBN: 978-7-5619-3922-2
000 01598oam2 2200409 450
001 0120141405284
005 20170911094728.93
010    @a978-7-5619-3922-2@dCNY38.00(含光盘)
100    @a20141108d2014 em y0chiy0110 ea
101 1  @achi@ajpn@cjpn
102    @aCN@b110000
105    @aak z 000yy
106    @ar
200 1  @a新完全掌握日语能力考试N2级@9xin wan quan zhang wo ri yu neng li kao shi N2 ji@i听力@f中村香织,福岛佐治,友松悦子著@g胡小春,唐楠,喻留翻译
205    @a2版
210    @a北京@c北京语言大学出版社@d2014.09
215    @a198页@c图@d26cm@e1光盘
225 2  @a领跑者
300    @a从日本3A公司原版引进
307    @a附光盘:ISBN 978-7-88774-697-9
330    @a日本3A社是一家专门出版日语教材及考试类图书的出版社。《新完全掌握日语能力考试》系列是日本3A出版社为应对日语能力考试改革而倾力打造的一套全新考试辅导用书。第二版听力N2级在延续第一版保留原版图书原汁原味风格的基础上,重新给讲解、例句以及听力原文添加上了汉语译文,并且给两册语法分册的综合练习补充了答案解析,以便于帮助读者更好地理解图书内容。
333    @a日语学习者
461  0 @12001 @a领跑者
606 0  @a日语@x水平考试@j自学参考资料
606 0  @a日语@x听力@x水平考试@j自学参考资料
606 0  @a日语
606 0  @a听力
690    @aH36@v5
690    @aH369.9@v5
701  0 @a中村香织@9zhong cun xiang zhi@4著
701  0 @a福岛佐治@9fu dao zuo zhi@4著
701  0 @a友松悦子@9you song yue zi@4著
702  0 @a胡小春@9hu xiao chun@4翻译
702  0 @a唐楠@9tang nan@4翻译
702  0 @a喻留@9yu liu@4翻译
801  0 @aCN@b人天书店@c20141108
905    @b1072284-89@dH36@e583=2@f6
    
    新完全掌握日语能力考试N2级.听力/中村香织,福岛佐治,友松悦子著/胡小春,唐楠,喻留翻译.-2版.-北京:北京语言大学出版社,2014.09
    198页:图;26cm+1光盘.-(领跑者)
    从日本3A公司原版引进.-使用对象:日语学习者
    
    ISBN 978-7-5619-3922-2:CNY38.00(含光盘)
    日本3A社是一家专门出版日语教材及考试类图书的出版社。《新完全掌握日语能力考试》系列是日本3A出版社为应对日语能力考试改革而倾力打造的一套全新考试辅导用书。第二版听力N2级在延续第一版保留原版图书原汁原味风格的基础上,重新给讲解、例句以及听力原文添加上了汉语译文,并且给两册语法分册的综合练习补充了答案解析,以便于帮助读者更好地理解图书内容。
●
相关链接 在E读中查询图书 在五车中查询图书 在当当中查询图书 在豆瓣中查询图书


正题名:新完全掌握日语能力考试N2级     索取号:H36/583=2         预约/预借

序号 登录号 条形码 馆藏地/架位号 状态 备注
1 1072284   210722841   第二样本阅览室/ [索取号:H36/583=2] 在馆    
2 1072285   210722850   密集书库—外国语学院/ [索取号:H36/583=2] 在馆    
3 1072286   210722869   第四借阅区/ [索取号:H36/583=2] 在馆    
4 1072287   210722878   第四借阅区/ [索取号:H36/583=2] 在馆    
5 1072288   210722887   第四借阅区/ [索取号:H36/583=2] 在馆    
6 1072289   210722896   第四借阅区/ [索取号:H36/583=2] 在馆    
唐山师范学院图书馆 欢迎您!
大连网信软件有限公司© 版权所有